|
|
|
|
| LEADER |
00000nam0a2200000 4500 |
| 001 |
152077 |
| 005 |
20231031150911.0 |
| 035 |
|
|
|a (RuTPU)RU\TPU\book\164901
|
| 090 |
|
|
|a 152077
|
| 100 |
|
|
|a 20090128d1946 km y0rusy50 ca
|
| 101 |
0 |
|
|a rus
|
| 102 |
|
|
|a RU
|
| 105 |
|
|
|a a z 001zy
|
| 200 |
1 |
|
|a Строение вещества
|f Э. Г. Ананиашвили
|g под ред. Э. В. Шпольского
|
| 210 |
|
|
|a Москва
|c Молодая гвардия
|d 1946
|
| 215 |
|
|
|a 47 с.
|c ил.
|
| 225 |
1 |
|
|a Беседы о природе и человеке
|
| 320 |
|
|
|a Библиогр.: с. 47.
|
| 610 |
1 |
|
|a химия
|
| 610 |
1 |
|
|a вещество
|
| 610 |
1 |
|
|a строение
|
| 610 |
1 |
|
|a атомы
|
| 675 |
|
|
|a 544.1
|v 3
|
| 700 |
|
1 |
|a Ананиашвили
|b Э. Г.
|
| 702 |
|
1 |
|a Шпольский
|b Э. В.
|4 340
|
| 801 |
|
1 |
|a RU
|b 63413507
|c 20090128
|g PSBO
|
| 801 |
|
2 |
|a RU
|b 63413507
|c 20170920
|g PSBO
|
| 942 |
|
|
|c BK
|